|
|
|
|
| LEADER |
00633nab a2200181 i 4500 |
| 001 |
misc43075 |
| 005 |
20191106141337.0 |
| 008 |
180801s1991 hu o 0|| zxx d |
| 022 |
|
|
|a 1215-5233
|
| 040 |
|
|
|a SZTE Miscellanea Repozitórium
|b hun
|
| 041 |
|
|
|a zxx
|
| 100 |
1 |
|
|a Horvatovich Sándorné
|
| 245 |
1 |
0 |
|a Ajánlás egy biológia órára
|h [elektronikus dokumentum] /
|c Horvatovich Sándorné
|
| 260 |
|
|
|c 1991
|
| 300 |
|
|
|a 48-51
|
| 490 |
0 |
|
|a Iskolakultúra
|v 1 No. 9
|
| 695 |
|
|
|a Biológia tanítása - módszer, Pedagógia - módszer
|
| 856 |
4 |
0 |
|u http://misc.bibl.u-szeged.hu/43075/1/iskolakultura_1991_009_048-051.pdf
|z Dokumentum-elérés
|